Statistics for Top 10 Biggest Banana-producing Countries

Click here to take the quiz!

General Stats

  • This quiz has been taken 22 times
  • The average score is 7 of 10

Answer Stats

Top,Answer% Correct
2. 11.7 million tChina
95%
4. 6.8 million tBrazil
91%
1. 33 million tIndia
86%
5. 6.6 million tEcuador
77%
3. 8.7 million tIndonesia
77%
6. 5.9 million tPhilippines
73%
8. 4.2 million tGuatemala
68%
10. 2.5 million tCosta Rica
59%
7. 4.35 million tAngola
36%
9. 3.5 million tTanzania
32%

Score Distribution

Percentile by Number Answered

Percent of People with Each Score

Your Score History

You have not taken this quiz